| 000 | 00953nam a2200229 a 4500 | ||
|---|---|---|---|
| 001 | 53562 | ||
| 003 | BD-RjUL | ||
| 005 | 20211209080002.0 | ||
| 008 | 161017s1959 ii ||||| |||| 00| 0 ben d | ||
| 035 | _a(BD-RjUL)53684 | ||
| 040 |
_aBD-RjUL _bben _cBD-RjUL |
||
| 041 | _aben | ||
| 082 |
_223 _a891.44109 _bBIC 1959 |
||
| 100 |
_aবিদ্যাবিনোদ, সত্যকিঙ্কর সাহানা _9160066 |
||
| 245 | 1 | 0 |
_aচণ্ডীদাস-প্রসঙ্গ / _c সত্যকিঙ্কর সাহানা বিদ্যাবিনোদ |
| 250 | _a১ম সং. | ||
| 260 |
_aকলিকাতা : _bজিজ্ঞাসা, _c১৯৫৯ [১৩৬৬] |
||
| 300 |
_a৯৮ পৃ. ; _c১৯ সেমি. |
||
| 650 |
_aবাংলা কবিতা _xইতিহাস ও সমালোচনা _9160067 |
||
| 650 |
_aBengali Poetry _xHistory & Criticism _9121573 |
||
| 942 |
_2ddc _cBK |
||
| 999 |
_c53562 _d53562 |
||